=LDR 00000nam 2200000 4500 =001 INLIS000000000007798 =005 20161031113114.0 =006 =007 =008 Ind =035 ##$$0010-061300000007798 =041 ##$$a Ind =082 ##$$a 808 =090 ##$$a 808, Rak r =100 ##$$a RAKHMAT, Jalaluddin =245 ##$$a Retorika modern, Pendekatan praktis, Jalaluddin Rakhmat =260 ##$$a 1996 $b Bandung =300 ##$$a x, 140 hlm., 21 cm =650 ##$$a Retorik =850 ##$$a NBPNMAT =990 ##$$a 0001/BPAP-NTB/20142015 =990 ##$$a 0001/BPAP-NTB/2015 =990 ##$$a 0001/BPAP-NTB/2016 =990 ##$$a 3625336253 =990 ##$$a 0001/BPAP-NTB/20142015 =990 ##$$a 0001/BPAP-NTB/2015 =990 ##$$a 0001/BPAP-NTB/2016 =990 ##$$a 0001/BPAP-NTB/2016 =990 ##$$a 0001/BPAP-NTB/2016 =990 ##$$a 0001/BPAP-NTB/2016 =990 ##$$a 0001/BPAP-NTB/2016 =990 ##$$a 0001/BPAP-NTB/2016 =990 ##$$a 01201807509